Strategic management: text and cases. -- 4th ed (Record no. 58530)

MARC details
000 -LEADER
fixed length control field 00780nam a2200217 a 4500
008 - FIXED-LENGTH DATA ELEMENTS--GENERAL INFORMATION
fixed length control field 100330s2008 ||||||||||||||||| || u
020 ## - INTERNATIONAL STANDARD BOOK NUMBER
International Standard Book Number 9780071287845
050 ## - LIBRARY OF CONGRESS CALL NUMBER
Classification number HD 30.28 Des
100 ## - MAIN ENTRY--PERSONAL NAME
Personal name Lumpkin, G. T
245 10 - TITLE STATEMENT
Title Strategic management: text and cases. -- 4th ed
Statement of responsibility, etc. Gregory G. Dess, G. T. Lumpkin, Alan B. Eisner
250 ## - EDITION STATEMENT
Edition statement 4th ed.
260 ## - PUBLICATION, DISTRIBUTION, ETC.
Place of publication, distribution, etc. Boston:
Name of publisher, distributor, etc. McGraw-Hill
Date of publication, distribution, etc. 2008
300 ## - PHYSICAL DESCRIPTION
Extent xxx, variant pagings, ill.
350 ## - PRICE (NR) (BK AM CF MU VM SE) [OBSOLETE]
Price 0.00
650 #0 - SUBJECT ADDED ENTRY--TOPICAL TERM
Topical term or geographic name entry element INDUSTRIAL MANAGEMENT
650 #0 - SUBJECT ADDED ENTRY--TOPICAL TERM
Topical term or geographic name entry element MANAGEMENT
650 #0 - SUBJECT ADDED ENTRY--TOPICAL TERM
Topical term or geographic name entry element STRATEGIC PLANNING
700 ## - ADDED ENTRY--PERSONAL NAME
Personal name Dess, Gregory G
700 ## - ADDED ENTRY--PERSONAL NAME
Personal name Eisner, Alan B
995 ## - RECOMMENDATION 995 [LOCAL, UNIMARC FRANCE]
-- 0.00
-- CBU-MAIN LIBRARY (Kitwe)
-- 1
-- 0.00
-- 1
-- AVAILABLE
-- May 17, 2010
-- Main Library Open Access Collection
Holdings
Withdrawn status Lost status Source of classification or shelving scheme Damaged status Not for loan Home library Current library Shelving location Date acquired Total Checkouts Full call number Barcode Date last seen Price effective from Koha item type
          CBU-MAIN LIBRARY, KITWE. CBU-MAIN LIBRARY, KITWE.   11/30/2022   HD 30.28 Des 741268 11/30/2022 11/30/2022 MONOGRAPH